000 00645nam a2200253Ia 4500
005 20250425160859.0
008 250425s9999 xx 000 0 und d
020 _a0442265212
041 _aeng
082 _a664.153
100 _aMINIFIE, BERNARD W.
245 0 _aCHOCOLATE, COCOA AND CONFECTIONERY: SCIENCE AND TECHNOLOGY
250 _a3RD ED.
260 _aEstados Unidos
_bAVI
_c1989
260 _aNEW YORK
300 _a904
500 _aCONSULTAR inv.25218 EN BIBTEC
650 _aCACAO
650 _aCHOCOLATE
650 _aINDUSTRIA CONFITERA
650 _aPRODUCTOS DE CONFITERIA
942 _c01
010 _a7486
999 _c198063
_d198063